header

Economics in Russia (Record no. 14695)

MARC details
000 -LEADER
fixed length control field 01432nam a2200349Ia 4500
245 00 - TITLE STATEMENT
Title Economics in Russia
260 ## - PUBLICATION, DISTRIBUTION, ETC. (IMPRINT)
Place of publication Aldershot, England ;
-- Burlington, VT :
Name of publisher Ashgate,
Year of publication c2008.
300 ## - PHYSICAL DESCRIPTION
Number of Pages xviii, 198 p. :
Other physical details ill.
490 1# - SERIES STATEMENT
Series statement Modern economic and social history series
650 #0 - SUBJECT ADDED ENTRY--TOPICAL TERM
Topical Term Economics
Topical Term Economics
Topical Term Economics
700 1# - ADDED ENTRY--PERSONAL NAME
Personal name Barnett, Vincent,
Personal name Zweynert, Joachim.
856 40 - ELECTRONIC LOCATION AND ACCESS
Uniform Resource Identifier http://site.ebrary.com/lib/rucke/Doc?id=10254934

No items available.

© 2026 Rongo University
Contact us: librarian | system librarian | Rongo university